Football Teams Benoît Trémoulinas Played For - Statistics

General Stats
  • This quiz has been taken 16 times
  • The average score is 4 of 5
Answer Stats
League Years Team % Correct
Spain 2014-2017 Sevilla FC
100%
France 2007-2013 FC Girondins Bordeaux
85%
France 2004-2007 FC Girondins Bordeaux B
85%
Ukraine 2013-2014 FC Dynamo Kyiv
62%
France 2014 AS Saint-Étienne
31%
No matching quizzes found
Score Distribution
Percent of People with Each Score
Percentile by Number Answered
Your Score History
You have not taken this quiz